Mystery Taylor Swift Song #44 - Statistics

General Stats
  • This quiz has been taken 827 times
  • The average score is 52 of 102
Answer Stats
Song % Correct
I
93%
Evermore
87%
you
85%
to
82%
The
81%
me
80%
And
77%
be
74%
it
74%
your
74%
in
73%
my
72%
where
72%
so
70%
You're
69%
for
68%
go
68%
were
67%
if
65%
know
65%
What
65%
Marjorie
61%
Never
61%
as
60%
didn't
60%
I'd
60%
of
60%
that
60%
now
58%
think
58%
All
57%
head
56%
how
56%
there
56%
But
55%
could
55%
kind
55%
better
54%
'Cause
54%
every
54%
forget
54%
stay
54%
would
54%
up
53%
still
52%
clever
51%
dead
51%
alive
50%
around
50%
from
50%
died
49%
talking
49%
down
48%
name
48%
them
47%
loved
46%
our
46%
should've
46%
way
46%
asked
45%
back
45%
power
45%
polite
44%
signed
44%
singing
43%
write
43%
always
42%
much
42%
You'd
42%
kept
41%
left
41%
Long
41%
questions
41%
such
41%
taken
41%
Watched
41%
grocery
40%
store
40%
autumn
39%
feel
39%
listening
39%
touch
39%
car
38%
chill
38%
dreams
38%
receipt
38%
wakes
38%
whole
38%
feet
37%
stairs
35%
wield
35%
scrap
34%
skies
34%
amber
33%
complained
33%
past
32%
ride
32%
frozen
31%
closets
27%
swims
27%
limbs
26%
backlogged
23%
No matching quizzes found
Score Distribution
Percent of People with Each Score
Percentile by Number Answered
Your Score History
You have not taken this quiz